<?xml version="1.0" encoding="UTF-8"?>
<collection xmlns="http://www.loc.gov/MARC21/slim">
 <record>
  <leader>01560nam a22002297a 4500</leader>
  <controlfield tag="001">NCT_39216</controlfield>
  <controlfield tag="008">180605b        xxu||||| |||| 00| 0 vie d</controlfield>
  <datafield tag="999" ind1=" " ind2=" ">
   <subfield code="c">1891</subfield>
   <subfield code="d">1891</subfield>
  </datafield>
  <datafield tag="020" ind1=" " ind2=" ">
   <subfield code="c">25000</subfield>
  </datafield>
  <datafield tag="082" ind1="0" ind2="4">
   <subfield code="2">23rd ed.</subfield>
   <subfield code="a">133</subfield>
   <subfield code="b">L431</subfield>
  </datafield>
  <datafield tag="100" ind1="1" ind2=" ">
   <subfield code="a">Thiệu Cửu Long</subfield>
  </datafield>
  <datafield tag="245" ind1="1" ind2="0">
   <subfield code="a">Phong thủy trong kiến trúc, xây dựng hiện đại :</subfield>
   <subfield code="b">Giếng trời</subfield>
   <subfield code="c">Thiệu Cửu Long</subfield>
  </datafield>
  <datafield tag="260" ind1=" " ind2=" ">
   <subfield code="a">H.</subfield>
   <subfield code="b">Hồng đức</subfield>
   <subfield code="c">2012</subfield>
  </datafield>
  <datafield tag="300" ind1=" " ind2=" ">
   <subfield code="a">103 tr.</subfield>
   <subfield code="b">Minh họa</subfield>
   <subfield code="c">21cm</subfield>
  </datafield>
  <datafield tag="520" ind1="3" ind2=" ">
   <subfield code="a">Nội dung sách sẽ cho bạn những hiểu biết về tầm quan trọng của giếng trời, xu hướng xây dựng và bố trí giếng trời hiện nay, vị trí đặt giếng trời sao cho phù hợp với ngôi nhà của bạn, cách thiết kế và trang trí cho khu vực giếng trời,...</subfield>
  </datafield>
  <datafield tag="653" ind1=" " ind2=" ">
   <subfield code="a">Kiến trúc</subfield>
  </datafield>
  <datafield tag="942" ind1=" " ind2=" ">
   <subfield code="2">ddc</subfield>
   <subfield code="c">BK</subfield>
  </datafield>
  <datafield tag="952" ind1=" " ind2=" ">
   <subfield code="0">0</subfield>
   <subfield code="1">0</subfield>
   <subfield code="2">ddc</subfield>
   <subfield code="4">0</subfield>
   <subfield code="6">133_000000000000000_L431</subfield>
   <subfield code="7">0</subfield>
   <subfield code="9">9660</subfield>
   <subfield code="a">000001</subfield>
   <subfield code="b">000001</subfield>
   <subfield code="d">2018-06-05</subfield>
   <subfield code="o">133 L431</subfield>
   <subfield code="p">MD.10589</subfield>
   <subfield code="r">2018-06-05</subfield>
   <subfield code="v">25000.00</subfield>
   <subfield code="w">2018-06-05</subfield>
   <subfield code="y">BK</subfield>
  </datafield>
  <datafield tag="952" ind1=" " ind2=" ">
   <subfield code="0">0</subfield>
   <subfield code="1">0</subfield>
   <subfield code="2">ddc</subfield>
   <subfield code="4">0</subfield>
   <subfield code="6">133_000000000000000_L431</subfield>
   <subfield code="7">0</subfield>
   <subfield code="9">9661</subfield>
   <subfield code="a">000001</subfield>
   <subfield code="b">000001</subfield>
   <subfield code="d">2018-06-05</subfield>
   <subfield code="o">133 L431</subfield>
   <subfield code="p">MD.10590</subfield>
   <subfield code="r">2018-06-05</subfield>
   <subfield code="v">25000.00</subfield>
   <subfield code="w">2018-06-05</subfield>
   <subfield code="y">BK</subfield>
  </datafield>
  <datafield tag="952" ind1=" " ind2=" ">
   <subfield code="0">0</subfield>
   <subfield code="1">0</subfield>
   <subfield code="2">ddc</subfield>
   <subfield code="4">0</subfield>
   <subfield code="6">133_000000000000000_L431</subfield>
   <subfield code="7">0</subfield>
   <subfield code="9">9662</subfield>
   <subfield code="a">000001</subfield>
   <subfield code="b">000001</subfield>
   <subfield code="d">2018-06-05</subfield>
   <subfield code="o">133 L431</subfield>
   <subfield code="p">MD.10591</subfield>
   <subfield code="r">2018-06-05</subfield>
   <subfield code="v">25000.00</subfield>
   <subfield code="w">2018-06-05</subfield>
   <subfield code="y">BK</subfield>
  </datafield>
  <datafield tag="952" ind1=" " ind2=" ">
   <subfield code="0">0</subfield>
   <subfield code="1">0</subfield>
   <subfield code="2">ddc</subfield>
   <subfield code="4">0</subfield>
   <subfield code="6">133_000000000000000_L431</subfield>
   <subfield code="7">0</subfield>
   <subfield code="9">9663</subfield>
   <subfield code="a">000001</subfield>
   <subfield code="b">000001</subfield>
   <subfield code="d">2018-06-05</subfield>
   <subfield code="o">133 L431</subfield>
   <subfield code="p">MD.10592</subfield>
   <subfield code="r">2018-06-05</subfield>
   <subfield code="v">25000.00</subfield>
   <subfield code="w">2018-06-05</subfield>
   <subfield code="y">BK</subfield>
  </datafield>
  <datafield tag="980" ind1=" " ind2=" ">
   <subfield code="a">Thư viện Trường Đại học Nam Cần Thơ</subfield>
  </datafield>
 </record>
</collection>
